Loading...
| Visual Arts | 1 | 4 | 0 | 1 | 55 | 70 | 105.80 | 2 | 4 |
| Literature - World Literature | 1 | 3 | 0 | 0 | 45 | 54 | 78.75 | 0 | 4 |
| Literature - American Literature | 0 | 4 | 2 | 0 | 30 | 96 | 114.75 | 0 | 2 |
| Science - Chemistry | 2 | 1 | 2 | 0 | 30 | 49 | 63.67 | 2 | 3 |
| Science - Biology | 0 | 3 | 1 | 2 | 25 | 113 | 116.67 | 1 | 1 |
| Science - Physics | 1 | 1 | 0 | 0 | 25 | 55 | 80.50 | 2 | 2 |
| Auditory Arts | 0 | 3 | 2 | 0 | 20 | 76 | 97.00 | 1 | 3 |
| Literature - European Literature | 0 | 2 | 0 | 0 | 20 | 76 | 97.00 | 1 | 2 |
| Science - Other Science | 1 | 0 | 0 | 0 | 15 | 42 | 42.00 | 1 | 1 |
| Other Academic | 1 | 0 | 0 | 0 | 15 | 72 | 72.00 | 1 | 1 |
| Social Science | 0 | 2 | 1 | 0 | 15 | 91 | 92.00 | 0 | 2 |
| Beliefs | 0 | 1 | 0 | 0 | 10 | 96 | 96.00 | 0 | 1 |
| Literature - British Literature | 1 | 0 | 1 | 0 | 10 | 75 | 75.00 | 0 | 1 |
| Fine Arts - Other Arts | 0 | 0 | 0 | 0 | 0 | 0.00 | 0 | 0 | |
| Philosophy | 0 | 0 | 1 | 0 | -5 | 0.00 | 0 | 0 |